000 00887nam a2200253 i 4500
001 bg
100 1 _aCzarnecki, Witold
_d1927- ).
245 1 0 _aStudia i rozprawy /
_cWitold Czarnecki.
260 _aBiałystok :
_bDział Wydawnictw i Poligrafii,
_c1997.
300 _a393 s. :
_bfot., mapy, rys., wykr. ;
_c23 cm.
490 1 _aRozprawy Naukowe / Politechnika Białostocka,
_x0867-096X ;
_vNr 49
500 _aTekst częśc. w jęz. czes.
504 _aBibliogr. przy rozdz. - Streszcz., summ.
650 9 _aPlanowanie przestrzenne
_zPolska
650 9 _aUrbanistyka
_zPolska
650 9 _aBudownictwo mieszkaniowe
_xzagadnienia
710 0 _aPOLITECHNIKA BIAŁOSTOCKA (Białystok)
830 0 _aRozprawy Naukowe (Politechnika Białostocka) ;
_vNr 49
040 _cBPK
041 0 _acspl
_benpl
080 _a711+72
942 _cKS
008 s pl f |000 0 pol
999 _c32775
_d32775
856 _uhttp://koha.tu.koszalin.pl/cgi-bin/koha/opac-detail.pl?biblionumber=32775
_yKatalog online BPK